000 00728nam a2200229Ia 4500
003 IN-BaIIA
008 211028s9999 xx s 000 0 eng d
020 _a2-86883-597-X (Online)
022 _a1633-4760 (Print)
022 _a1638-1963 (Online)
040 _cIIA Library
100 _aBienayme, O., ed.
_938114
245 0 _aGAIA: A European Space Project
_h[eBook]
260 _aFrance
_bEDP Sciences
_c2002
300 _aiii, 394p.
490 _aEAS Publications Series
650 _aAstrometry
650 _aGAIA (Artificial satellite)
_938115
700 _aTuron, C., ed.
_938116
856 _uhttps://www.eas-journal.org/articles/eas/abs/2002/01/contents/contents.html
_yClick Here to Access eBook
942 _cEB
999 _c20596
_d20596